Регионална библиотека "Любен Каравелов" - Русе

Асен Манолов (Запис номер 91623)

MARC детайли
000 -Лидер
Лидер 01978nam a2200469 a 4500
003 - Код на организацията, давaща контролен номер
Код на организацията, даваща контролен номер BLK
005 - Дата и час на последна редакция
Дата и час на последна редакция 20240731115430.0
008 - Елементи от данни с фиксирана дължина
Елементи с фиксирана дължина 180408b bul|||||r ||||||| ||bul||
010 ## - Наследен системен номер
LC control number KNG00096383000
020 ## - Международен стандартен номер на книга ISBN
ISBN 978-954-9742-27-5
040 ## - Източник на каталожния запис
Код на библиотеката BLK
041 ## - Код за език
Език Български
Език за КДБФ Български
072 #7 - Код за тематичната категория
Код организация bullib
Код за тематична категория К
Текст Краезнание
072 #7 - Код за тематичната категория
Код организация bullib
Код за тематична категория Н70
Текст Изкуства Н
072 #7 - Код за тематичната категория
Код организация bullib
Код за тематична категория Н93
Текст Краезнание - отраслова литература Н
080 ## - УДК
УДК текст Балет. Изпълнители, актьори
УДК код 792.8.071.2
УДК – определител (497.2)(092)
УДК – код + определител 792.8.071.2(497.2)(092)
080 ## - УДК
УДК текст Балетни танци - изпълнители
УДК код 793.32.071.2
УДК – определител (497.2)(092)
УДК – код + определител 793.32.071.2(497.2)(092)
080 ## - УДК
УДК текст Български балетмайстор и хореограф(1908-1983)
УДК код 929 Манолов, Асен Стоянов
УДК – код + определител 929 Манолов, Асен Стоянов
100 1# - Редна дума - Автор
Автор Тренкова, Росица
R(LIN) 304489
245 10 - Сведения за заглавието
Заглавие Асен Манолов
Подзаглавни данни Северният принц на балета
Авторска отговорност Росица Тренкова.
257 ## - Страна на издаване
Страна на създаване/издаване България
260 ## - Област на издателските данни
Име на издателя Коралов и сие
Година на издаване 2010
Печатница София : Дими 99
Място на издаване София
300 ## - Физическа характеристика
Брой страници 92 с.
Илюстрации със сн.
Размер 24 см
380 ## - Жанр
Жанр Изкуство
600 #0 - Име на лице, използвано като предмет
За него / За нея Манолов, Асен Стоянов
Свързани дати 1908 - 1982
Друга информация Български балетист и хореограф
9 (RLIN) 303169
650 #4 - Допълнително описание по предмет – тема
Предметна рубрика Балетисти, български
9 (RLIN) 250161
650 #4 - Допълнително описание по предмет – тема
Предметна рубрика Балет, български - история
9 (RLIN) 263561
653 ## - Ключова дума – ненормативна
Ключови думи балет
653 ## - Ключова дума – ненормативна
Ключови думи балетисти
653 ## - Ключова дума – ненормативна
Ключови думи Асен Манолов
659 ## - Тематичен бюлетин
Тематичен бюлетин К
852 ## - Местоположение
Сигнатура (форматна) Цб 248294
Отдел Хранилище
852 ## - Местоположение
Сигнатура (форматна) К 792/М 27
856 4# - Електронен адрес и достъп
Електронен формат pdf - файл
856 4# - Електронен адрес и достъп
Електронен формат pdf - файл
942 ## - АРТИКУЛИ
Вид на библиотечния документ Книги
Скрит в OPAC Не
Периодичен библиозапис Да
944 ## - СЪЗДАВАНЕ И РЕДАКЦИЯ на ЗАПИСА
Създаване/Редакция Създаване
Дата на регистрацията/редакция 28.05.2010
Служител, извършил регистрацията/редакцията 30535
Номер на служител Христина Везирева
944 ## - СЪЗДАВАНЕ И РЕДАКЦИЯ на ЗАПИСА
Създаване/Редакция Редакция
Дата на регистрацията/редакция 17.07.2023
Служител, извършил регистрацията/редакцията ир
999 ## - СИСТЕМНИ КОНТРОЛНИ НОМЕРА
Koha biblionumber 91623
Koha biblioitemnumber 91623
999 ## - СИСТЕМНИ КОНТРОЛНИ НОМЕРА
Koha biblioitemnumber 91623
999 ## - СИСТЕМНИ КОНТРОЛНИ НОМЕРА
Koha biblioitemnumber 91623
Наличности
Код за отписване Код за изгубен артикул Източник на класификационната схема Код за повреда Коз за рестрикции Код за отдаване Артикулен № Име на библиотеката - собственик Име на библиотеката, в която се намира в момента Статус (Текущо местоположение) Дата на вписване в системата Местоположение - отдел Цена в лева Инвентарен номер Систематично азбучна сигнатура Баркод Номер на екземпляра Цена в евро Служебна бележка Служебен тип на артикула
  Не е изгубен Universal Decimal Classification Не е повреден без рестрикции заемане за дома 147833 Регионална библиотека "Любен Каравелов" Русе Регионална библиотека "Любен Каравелов" Русе Отдел Изкуство - подръчен фонд 2010-05-28 Отдел Изкуство - подръчен фонд 8.00 120000744704 792.8/М 27 120000744704 1 4.09 Дост: DA Вид: А N: 16 Дата: 28.05.2010 Дата инв: 05.04.2017 Бележки инв: ИП2017 Книги
Изтеглен Не е изгубен Universal Decimal Classification Не е повреден без рестрикции заемане за дома 147834 Регионална библиотека "Любен Каравелов" Русе Регионална библиотека "Любен Каравелов" Русе Отдел Изкуство - подръчен фонд 2010-05-28 Отдел Изкуство - подръчен фонд 8.00 120000744705 792.8(092)/М 27 120000744705 2 4.09 Дост: DA Вид: А N: 16 Дата: 28.05.2010 Дата инв: 05.04.2017 Бележки инв: ИП2017 Книги
  Не е изгубен Universal Decimal Classification Не е повреден без рестрикции заемане за дома 147835 Регионална библиотека "Любен Каравелов" Русе Регионална библиотека "Любен Каравелов" Русе Отдел Изкуство - подръчен фонд 2010-05-28 Отдел Изкуство - подръчен фонд 8.00 120000744706 792.8/М 27 120000744706 3 4.09 Дост: DA Вид: А N: 16 Дата: 28.05.2010 Дата инв: 05.04.2017 Бележки инв: ИП2017 Книги
  Не е изгубен Universal Decimal Classification Не е повреден без рестрикции заемане за дома 147836 Регионална библиотека "Любен Каравелов" Русе Регионална библиотека "Любен Каравелов" Русе Отдел Изкуство - подръчен фонд 2010-05-28 Отдел Изкуство - подръчен фонд 8.00 120000744707 792.8/М 27 120000744707 4 4.09 Дост: DA Вид: А N: 16 Дата: 28.05.2010 Дата инв: 22.06.2012 Бележки инв: * Книги
  Не е изгубен Universal Decimal Classification Не е повреден без рестрикции ползва се в читалня 147837 Регионална библиотека "Любен Каравелов" Русе Регионална библиотека "Любен Каравелов" Русе Краезнание 2010-05-28 Краезнание 8.00 120000744708 К 792/М 27 120000744708 5 4.09 Дост: DA Вид: А N: 16 Дата: 28.05.2010 Дата инв: 06.11.2017 Бележки инв: К2017 Книги
  Не е изгубен Universal Decimal Classification Не е повреден само за читалня ползва се в читалня 147838 Регионална библиотека "Любен Каравелов" Русе Регионална библиотека "Любен Каравелов" Русе Хранилище 2015-03-21 Хранилище 8.00 120000786670 Цб 248294 120000786670 6 4.09 Дост: Dp Вид: Д N: 35 Дата: 08.08.2014 Книги
Vip Innovations Ltd, Rousse, Bulgaria 2025